00463 a2200169 450000100060000002000180000604000220002410000160004624000220006224500170008430000080010136200090010965000350011894200070015395201160016099900170027659809 a9783789151255 cAnchieta - Pituba aWilks, Mike10aMirror scapelpor10aMirror scape a4470 a2008 4aLiteratura juvenil em alemàƒo cBK 00104070a91.1b91.1d2023-11-21l0oLJ 028.543 W688m WIL MIRp11271/PITr2023-11-21 18:27:53w2023-11-21yBK c59809d59809